| 000 | 00360 a2200133 4500 | ||
|---|---|---|---|
| 001 | 31120 | ||
| 082 | _a629.1341AND | ||
| 090 |
_c21176 _d21176 |
||
| 100 | _aAnderson, John D | ||
| 245 |
_aAircraft Performance and Design _cJohn D Anderson, |
||
| 260 |
_aSingapore _bMcGraw Hill _c1999 |
||
| 300 |
_axvi, 595 p. _bphotocopy |
||
| 500 | _aBE textbook Aerospace | ||
| 942 |
_aNUST-CAE _k629.1341AND |
||
| 999 |
_c266193 _d266193 |
||